000 00490nab a2200145Ia 4500
003 ES-SlBCS
005 20210601125443.0
008 140529s1974 xxu||||| |||| 00| 0 eng d
041 _aeng
100 1 _aGould, Josiah B.
_9158892
245 0 0 _aBeing, the World, and Appearance in Early Stoicism and Some Other Greek Philosophers
_c Josiah B. Gould
650 0 4 _aFilósofos Griegos
_9158893
773 0 _tReview of Methaphysics
_gvol. 28, nº. 110, 1974, págs. 261-288
_wRev843
942 _cAR
999 _c530599
_d530599